South Korea and its business culture
Južná Kórea ukázala po veľmi úspešnom období industrializácie schopnosť riadiť výzvy globálnej konkurencie a dosiahnuť vedúce postavenie na svetových pozíciách v niektorých pokročilých technologických oblastiach. Jeho globálny úspech si zaslúžil medzinárodné uznanie. Článok prináša pohľad na manažm...
Salvato in:
| Autore principale: | |
|---|---|
| Natura: | Capitolo di libro |
| Lingua: | inglese |
| Soggetti: | |
| Tags: |
Nessun Tag, puoi essere il primo ad aggiungerne!!
|
MARC
| LEADER | 00000nla a2200000 4500 | ||
|---|---|---|---|
| 001 | 0236373 | ||
| 005 | 20240502073826.2 | ||
| 041 | 0 | |a eng | |
| 044 | |a SK | ||
| 245 | 1 | 0 | |a South Korea and its business culture |c Milan Lajčiak |
| 520 | |a Južná Kórea ukázala po veľmi úspešnom období industrializácie schopnosť riadiť výzvy globálnej konkurencie a dosiahnuť vedúce postavenie na svetových pozíciách v niektorých pokročilých technologických oblastiach. Jeho globálny úspech si zaslúžil medzinárodné uznanie. Článok prináša pohľad na manažment kórejských firiem, na formovanie kórejskej podnikateľskej kultúry, ktorá sa opiera o Konfuciánske hodnoty, japonské a americké vplyvy, ktoré vysvetľujú hlavné aspekty podnikateľskej komunikácie a manažérskych praktík. | ||
| 610 | 2 | 0 | |a podnikanie |
| 610 | 2 | 0 | |a kultúra podnikania |
| 610 | 2 | 0 | |a manažment |
| 610 | 2 | 0 | |a filozofia |
| 610 | 2 | 0 | |a prostredie podnikateľské |
| 610 | 2 | 0 | |a Južná Kórea |
| 100 | 1 | |a Lajčiak, Milan | |